ბათუმის შოთა რუსთაველის სახელმწიფო უნივერსიტეტის ბიბლიოთეკა

Справочник проектировщика: сложные основания и фундаменты. (ბიბ.ჩანაწერი № 50661)

000 -LEADER
fixed length control field 00750nam a2200205Ia 4500
001 - CONTROL NUMBER
control field 17612
003 - CONTROL NUMBER IDENTIFIER
control field GE_BSU
008 - FIXED-LENGTH DATA ELEMENTS--GENERAL INFORMATION
fixed length control field 181216s||||||||xx |||||||||||||| ||und||
040 ## - CATALOGING SOURCE
Transcribing agency GE_BSU
080 ## - UNIVERSAL DECIMAL CLASSIFICATION NUMBER
Universal Decimal Classification number 624.15(035.5)
245 ## - TITLE STATEMENT
Title Справочник проектировщика: сложные основания и фундаменты.
245 ## - TITLE STATEMENT
Statement of responsibility, etc. Под ред. Ю.Г.Трофименкова, Глав. ред. кол. серии А.К.Волянский, Г.Г.Судаков, И.В.Иоселовский и др.
260 ## - PUBLICATION, DISTRIBUTION, ETC.
Place of publication, distribution, etc. М.
260 ## - PUBLICATION, DISTRIBUTION, ETC.
Name of publisher, distributor, etc. Сройиздат.
260 ## - PUBLICATION, DISTRIBUTION, ETC.
Date of publication, distribution, etc. 1960.
300 ## - PHYSICAL DESCRIPTION
Extent 271 стр. с илл. 26 см.
300 ## - PHYSICAL DESCRIPTION
Accompanying material Табл.
653 ## - INDEX TERM--UNCONTROLLED
Uncontrolled term Справочник проектировщика.
942 ## - ADDED ENTRY ELEMENTS (KOHA)
Koha item type წიგნი
ეგზემპლარები
Withdrawn status Lost status Damaged status Not for loan Date acquired Barcode Date last seen Price effective from Koha item type
        2018-12-17 10328 2018-12-17 2018-12-17 წიგნი
        2018-12-17 10329 2018-12-17 2018-12-17 წიგნი